Responses for show #5253 - Wednesday, June 13, 2007

Susan Mitchell game 5.

Contestants

Jared Cohen, a private equity analyst from Narberth, Pennsylvania

Amber Hodges, a realtor from Roanoke, Virginia

Susan Mitchell, a graduate student from College Station, Texas (whose 4-day cash winnings total $67,100)

Jeopardy! Round responses

CONGRESSIONAL DISTRICTS
GET "OUT OF" HERE!
LEAGUES
SOUNDS LIKE A ZODIAC SIGN
OTHER DOCTOR McDREAMYs
YOU LOOK LIKE A GREEK GOD
(Alex: Well, thank you very much!)
    $200 7
(Susan: What is Virginia?)

New Jersey

SusanJared
    $200 6
out of print

Susan
    $200 1
(Jared: What is the Justice League?)
(Alex: [*]. [Buzzer sounds] Oh, sorry! Have to rule against you, because it's a 4-word group, and I added the two words. So as a team, you and I work well together. Back to you, Susan.)

Justice League of America

Jared
Triple Stumper
    $200 12
aquariums

Amber
    $200 17
Grey's Anatomy

Jared
    $200 19
Ares

Susan
    $400 27
Massachusetts

Jared
    $400 8
(Amber: What is "out of a pig's ear"?)

out of a sow's ear

AmberJared
    $400 2
the League of Nations

Susan
    $400 13
a zebra

Jared
    $400 18
Trapper John, M.D.

Triple Stumper
    $400 20
Pan

Jared
    $600 28
Florida

Susan
    $600 9
out of pocket

Jared
    $1,000 3
the League of Women Voters

Susan
    $600 14
(Jared: Who is [*] Mortensen?)

Viggo

Jared
    $600 24
Dr. Quinn

Jared
    $600 21
Apollo

Susan
    $800 29
Louisiana

Susan
    $800 10
out of body

Susan
    $800 4
the League of Extraordinary Gentlemen

Jared
    $800 15
an aerie

Amber
    $800 25
General Hospital

Jared
    $800 22
Hades

Susan
    $1000 30
(Amber: What is Massachusetts?)

Rhode Island

AmberJared
    $1000 11
Out of Africa

Amber
    $1000 5
(Jared: What is the Aegean League?)
(Susan: What is the League of Delphi?)

the Peloponnesian League

SusanJared
Triple Stumper
    $1000 16
(Alex: ...No. We'll accept it on the singular? All right.)

a Torah (or Torahs)

Jared
    $1000 26
(Alex: He advised [*], [*], [*]. Some of you will remember that. Jared.)
(Jared: Before my time. Let's take DISTRICTS for $400.)
(Alex: You had to add that, didn't you?)
(Jared: [Laughs])

Ben Casey

Triple Stumper
    $1000 23
(Susan: Who is Minerva?)

Athena

SusanAmber

Scores at the first commercial break (after clue 16):

Susan Amber Jared
$1,200 $1,600 $2,800

Scores at the end of the Jeopardy! Round:

Susan Amber Jared
$3,200 $1,600 $6,200

Double Jeopardy! Round responses

JAMES JOYCE'S DUBLIN
LYRICAL BROADWAY
(Alex: You have to identify the show for us.)
FOR KING & COUNTRY
FRENCH COMPOSERS
FITZ
STARTS (WITH "W")
    $400 18
(Jared: What is Ulysses?)

Bloomsday

Jared
Triple Stumper
    $400 26
Jesus Christ Superstar

Triple Stumper
    $400 11
Scotland

Jared
    $400 4
(Maurice) Ravel

Jared
    $400 15
Virginia

Jared
    $400 1
war

Jared
    $800 19
phoenix

Susan
    $800 27
(Susan: What is Les Misérables?)

A Chorus Line

Susan
Triple Stumper
    $800 12
Sweden

Jared
    $800 6
Debussy

Susan
    $800 16
(Mr.) Darcy

Susan
    $800 2
Waldorf

Amber
    $1200 20
(Susan: Who is Bloom?)

Stephen Dedalus

Susan
Triple Stumper
    $1,000 28
(Alex: You and Susan tied.)
(Jared: I--)
(Alex: I know you love this category! I know you do!)
...
(Jared: [Sighs, shakes head] What is I hate this category?)
[Laughter]

Evita

Jared
    $1200 13
Spain

Susan
    $1200 7
(Hector) Berlioz

Susan
    $1200 23
(Ella) Fitzgerald

Jared
    $1200 3
Westminster Abbey

Susan
    $1600 21
Dubliners

Susan
    $1600 29
Rent

Susan
    $1600 14
Poland

Jared
    $1600 8
Offenbach

Susan
    $3,000 24
(Alex: You are correct, and we have about a minute to go now in this round.)

the Edmund Fitzgerald

Jared
    $1600 5
Waterford

Susan
    $2000 22
(Susan: What is Portrais--Portrait of an Artist--)
(Alex: No.)
(Susan: --as a--oh.)

Finnegans Wake

Susan
Triple Stumper
    $2000 30
(Jared: What is Joseph and the Technicolor Dreamcoat? [*]!)
(Alex: OK, that's it. Good for you. Came up with the correct response before our judges ruled on it.)

Joseph and the Amazing Technicolor Dreamcoat

Jared
    $2000 17
Jordan

Susan
    $2000 9
(Alex: Well done in the FRENCH COMPOSERS category.)
[Applause]

Saint-Saëns

Susan
    $2000 25
(Alex: That was the famous [*].)

"Gentleman Jim" Corbett

Triple Stumper
    $2000 10
(Alex: And you'll find it as the last entry in the Ws in your dictionary. It's a [*]. [*]. That was a tough one.)

wyvern

Triple Stumper

Scores at the end of the Double Jeopardy! Round:

Susan Amber Jared
$15,600 $2,400 $15,000

[wagering suggestions for these scores]

Final Jeopardy! Round responses

AFRICA
(Alex: Once you get one of 'em, you're bound to get the other. I think.)
...
(Alex: [To Jared] You came up with Congo and Democratic Republic of the Congo. No, the Congo itself is quite some distance away from Tanzania.)
AmberWhat are Somalia & Ethiopia?
$0
JaredWhat is Congo + D.R. of Congo
$10,999
SusanWHAT are S Ethiopia & Tazania
$14,700
Uganda & Rwanda

Final scores:

Susan Amber Jared
$900 $2,400 $4,001
3rd place: $1,000 2nd place: $2,000 New champion: $4,001

Game dynamics:

Coryat scores:

Susan Amber Jared
$15,200 $2,400 $14,600
21 R
(including 1 DD),
6 W
5 R,
2 W
22 R
(including 1 DD),
4 W
(including 1 DD)

Combined Coryat: $32,200

The J! Archive is created by fans, for fans. The Jeopardy! game show and all elements thereof, including but not limited to copyright and trademark thereto, are the property of Jeopardy Productions, Inc. and are protected under law. This website is not affiliated with, sponsored by, or operated by Jeopardy Productions, Inc. Join the discussion at JBoard.tv.